| Поле | Инд. | ПП | Название | Значение |
|---|---|---|---|---|
| Тип записи | a | |||
| Библиографический уровень | m | |||
| 001 | Контрольный номер | c31f73fe-5359-475a-be52-6c9d1802d9d1 | ||
| 005 | Дата корректировки | 20250429084555.3 | ||
| 008 | Кодируемые данные | 20010206s?a aznnnabbn zn aan | ||
| 020 | a | ISBN | 5-230-18640-2 | |
| 040 | a | Служба первич. каталог. | RU-RKP | |
| a | Служба первич. каталог. | НБ ТвГУ | ||
| 041 | 0_ | a | Код языка текста | rus |
| 080 | a | Индекс УДК | [808.2-085.3:808.101-316.32](075.8) | |
| 084 | a | Индекс другой классификации/Индекс ББК | Ш141.12-923.313 | |
| 090 | x | Авторский знак | М23 | |
| a | Полочн. индекс | Ш143.12 | ||
| 100 | 1_ | a | Автор | Мансветова Елена Николаевна |
| 245 | 10 | a | Заглавие | Славянизмы в русском литературном языке XI - XX веков |
| b | Продолж. заглавия | учеб. пособие | ||
| c | Ответственность | Е. Н. Мансветова; Башк. гос. ун-т им. 40-летия Октября | ||
| 260 | 0_ | a | Место издания | Уфа |
| b | Издательство | БГУ | ||
| c | Дата издания | 1990 | ||
| 300 | a | Объем | 76 с. | |
| c | Размеры | 20 см | ||
| 504 | a | Библиография | Библиогр.: с. 73-75. | |
| 920 | a | Оператор | Семен | |
| 952 | c | Вид литературы | К ру |